<?xml version="1.0" encoding="UTF-8"?>
<marc:record xmlns:marc="http://www.loc.gov/MARC21/slim">
   <marc:leader>00000nam a2200000 a 4500</marc:leader>
   <marc:datafield ind1="1" ind2=" " tag="100">
      <marc:subfield code="a">Zsolnay, Robert</marc:subfield>
      <marc:subfield code="4">aut</marc:subfield>
      <marc:subfield code="e">Verfasser/-in</marc:subfield>
   </marc:datafield>
   <marc:datafield ind1=" " ind2=" " tag="653">
      <marc:subfield code="a">Softcover / Reisen/Reiseführer/Europa</marc:subfield>
   </marc:datafield>
   <marc:datafield ind1=" " ind2=" " tag="653">
      <marc:subfield code="a">Menorca</marc:subfield>
   </marc:datafield>
   <marc:datafield ind1=" " ind2=" " tag="653">
      <marc:subfield code="a">Spanien</marc:subfield>
   </marc:datafield>
   <marc:datafield ind1=" " ind2=" " tag="653">
      <marc:subfield code="a">Es Mercadal</marc:subfield>
   </marc:datafield>
   <marc:datafield ind1=" " ind2=" " tag="653">
      <marc:subfield code="a">Ciutadella</marc:subfield>
   </marc:datafield>
   <marc:datafield ind1=" " ind2=" " tag="653">
      <marc:subfield code="a">Es Castell</marc:subfield>
   </marc:datafield>
   <marc:datafield ind1=" " ind2=" " tag="653">
      <marc:subfield code="a">Es Grau</marc:subfield>
   </marc:datafield>
   <marc:datafield ind1=" " ind2=" " tag="653">
      <marc:subfield code="a">Balearen</marc:subfield>
   </marc:datafield>
   <marc:datafield ind1=" " ind2=" " tag="653">
      <marc:subfield code="a">Baden</marc:subfield>
   </marc:datafield>
   <marc:datafield ind1=" " ind2=" " tag="653">
      <marc:subfield code="a">Wandern</marc:subfield>
   </marc:datafield>
   <marc:datafield ind1=" " ind2=" " tag="653">
      <marc:subfield code="a">Maó</marc:subfield>
   </marc:datafield>
   <marc:datafield ind1=" " ind2=" " tag="653">
      <marc:subfield code="a">Alaior</marc:subfield>
   </marc:datafield>
   <marc:datafield ind1=" " ind2=" " tag="653">
      <marc:subfield code="a">Radfahren</marc:subfield>
   </marc:datafield>
   <marc:datafield ind1=" " ind2=" " tag="653">
      <marc:subfield code="a">Ferreries</marc:subfield>
   </marc:datafield>
   <marc:datafield ind1=" " ind2=" " tag="653">
      <marc:subfield code="a">Es Migjorn Gran</marc:subfield>
   </marc:datafield>
   <marc:datafield ind1=" " ind2=" " tag="653">
      <marc:subfield code="a">La Vall</marc:subfield>
   </marc:datafield>
   <marc:datafield ind1=" " ind2=" " tag="653">
      <marc:subfield code="a">Platges Algaiarens</marc:subfield>
   </marc:datafield>
   <marc:datafield ind1=" " ind2=" " tag="653">
      <marc:subfield code="a">Baixamar</marc:subfield>
   </marc:datafield>
   <marc:datafield ind1=" " ind2=" " tag="653">
      <marc:subfield code="a">S'Altra Banda</marc:subfield>
   </marc:datafield>
   <marc:datafield ind1=" " ind2=" " tag="653">
      <marc:subfield code="a">Sant Lluis</marc:subfield>
   </marc:datafield>
   <marc:datafield ind1=" " ind2=" " tag="653">
      <marc:subfield code="a">Cala Rafalet</marc:subfield>
   </marc:datafield>
   <marc:datafield ind1=" " ind2=" " tag="653">
      <marc:subfield code="a">Alcaufar</marc:subfield>
   </marc:datafield>
   <marc:datafield ind1=" " ind2=" " tag="653">
      <marc:subfield code="a">Punta Prima</marc:subfield>
   </marc:datafield>
   <marc:datafield ind1=" " ind2=" " tag="653">
      <marc:subfield code="a">Binibèquer</marc:subfield>
   </marc:datafield>
   <marc:datafield ind1=" " ind2=" " tag="653">
      <marc:subfield code="a">Binissafúller</marc:subfield>
   </marc:datafield>
   <marc:datafield ind1=" " ind2=" " tag="653">
      <marc:subfield code="a">Cala de Biniparratx</marc:subfield>
   </marc:datafield>
   <marc:datafield ind1=" " ind2=" " tag="653">
      <marc:subfield code="a">Sa Mesquida</marc:subfield>
   </marc:datafield>
   <marc:datafield ind1=" " ind2=" " tag="653">
      <marc:subfield code="a">Illa d'en Colom</marc:subfield>
   </marc:datafield>
   <marc:datafield ind1=" " ind2=" " tag="653">
      <marc:subfield code="a">Cap Favàritx</marc:subfield>
   </marc:datafield>
   <marc:datafield ind1=" " ind2=" " tag="653">
      <marc:subfield code="a">Fornells</marc:subfield>
   </marc:datafield>
   <marc:datafield ind1=" " ind2=" " tag="653">
      <marc:subfield code="a">Cala Tirant</marc:subfield>
   </marc:datafield>
   <marc:datafield ind1=" " ind2=" " tag="653">
      <marc:subfield code="a">Cala de Pilar</marc:subfield>
   </marc:datafield>
   <marc:datafield ind1=" " ind2=" " tag="653">
      <marc:subfield code="a">Cala Fustam</marc:subfield>
   </marc:datafield>
   <marc:datafield ind1=" " ind2=" " tag="653">
      <marc:subfield code="a">Castell de Santa Àgueda</marc:subfield>
   </marc:datafield>
   <marc:datafield ind1=" " ind2=" " tag="653">
      <marc:subfield code="a">Far de Cavalleria</marc:subfield>
   </marc:datafield>
   <marc:datafield ind1=" " ind2=" " tag="653">
      <marc:subfield code="a">Cala Pregonda</marc:subfield>
   </marc:datafield>
   <marc:datafield ind1=" " ind2=" " tag="653">
      <marc:subfield code="a">Arenal d'en Castell</marc:subfield>
   </marc:datafield>
   <marc:datafield ind1=" " ind2=" " tag="653">
      <marc:subfield code="a">Na Macaret</marc:subfield>
   </marc:datafield>
   <marc:datafield ind1=" " ind2=" " tag="653">
      <marc:subfield code="a">Addaia</marc:subfield>
   </marc:datafield>
   <marc:datafield ind1=" " ind2=" " tag="653">
      <marc:subfield code="a">2026</marc:subfield>
   </marc:datafield>
   <marc:datafield ind1="0" ind2="0" tag="245">
      <marc:subfield code="a">MICHAEL MÜLLER REISEFÜHRER Menorca</marc:subfield>
   </marc:datafield>
   <marc:datafield ind1="0" ind2="0" tag="245">
      <marc:subfield code="b">100% authentisch, aktuell und vor Ort recherchiert.</marc:subfield>
   </marc:datafield>
   <marc:datafield ind1="0" ind2="0" tag="245">
      <marc:subfield code="c">Robert Zsolnay</marc:subfield>
   </marc:datafield>
   <marc:datafield ind1=" " ind2="1" tag="264">
      <marc:subfield code="a">Erlangen</marc:subfield>
      <marc:subfield code="b">Michael Müller Verlag</marc:subfield>
      <marc:subfield code="c">2026</marc:subfield>
   </marc:datafield>
   <marc:datafield ind1="1" ind2=" " tag="490">
      <marc:subfield code="a">MM-Reisen</marc:subfield>
   </marc:datafield>
   <marc:datafield ind1=" " ind2=" " tag="250">
      <marc:subfield code="a">5. Auflage, revidierte Ausgabe</marc:subfield>
   </marc:datafield>
   <marc:datafield ind1="1" ind2=" " tag="520">
      <marc:subfield code="a">&lt;br&gt;
Unterwegs im Biosphärenreservat Menorca
&lt;br&gt;
&lt;br&gt;
&lt;br&gt;
Michael-Müller-Reiseführer Menorca – umfassend, übersichtlich,
&lt;br&gt;
unentbehrlich
&lt;br&gt;
&lt;br&gt;

&lt;br&gt;
Entdecken Sie mit der 5. Auflage unseres Menorca-Reiseführers die kleine
&lt;br&gt;
Schwester Mallorcas auf 288 Seiten mit 130 Farbfotos. Eine
&lt;br&gt;
herausnehmbare Karte und 37 Detailkarten sorgen für Orientierung, außerdem
&lt;br&gt;
ermöglichen es Ihnen 15 Touren, die Insel zu Fuß oder auf dem Rad ganz
&lt;br&gt;
individuell zu erkunden. Geo Saison schreibt: »Gut, präzise,
&lt;br&gt;
beispielreich. Ausnehmend gute Kurzdarstellungen zur wildbewegten
&lt;br&gt;
Inselgeschichte und kulturellen Aspekten.«
&lt;br&gt;

&lt;br&gt;
&lt;br&gt;
Der Reiseführer Menorca auf einen Blick
&lt;br&gt;
&lt;br&gt;
&lt;br&gt;
Orientiert auf Menorca: Landschaftliche und kulturelle Highlights,
&lt;br&gt;
die schönsten Strände und besondere Ziele rund ums Thema Familienurlaub im
&lt;br&gt;
Überblick.
&lt;br&gt;
&lt;br&gt;
Unterwegs auf Menorca: Robert Zsolnay nimmt Sie mit zu Menorcas
&lt;br&gt;
schönsten Zielen, etwa in die malerische Altstadt von Ciutadella, die zum
&lt;br&gt;
Flanieren einlädt, zum fjordartigen Naturhafen der Inselhauptstadt Maó, wo
&lt;br&gt;
man bestens Fisch essen kann, auf den knapp 400 m hohen Monte Toro mit
&lt;br&gt;
Ausblicken über die gesamte Insel, zum Far de Cavalleria, Menorcas ältesten
&lt;br&gt;
Leuchtturm, der an der spektakulärsten Steilküste der Insel über dem Meer
&lt;br&gt;
steht, oder in die Lagune S’Albufera des Grau, in dem Fischadler,
&lt;br&gt;
Stelzenläufer und Eisvogel Halt machen. Die etwa 100 Strände machen die
&lt;br&gt;
Insel zu einem wahren Badeparadies. Besonders schön sie die Cala en
&lt;br&gt;
Turqueta, deren türkis glänzendes Wasser ihrem Namen alle Ehre macht, der Sa
&lt;br&gt;
Mesquida, einer der herrlichsten Sandstrände der Insel, und die Cala del
&lt;br&gt;
Pilar, eine feine Sandbucht mit fast magischem Farbenspiel. Bei jedem Ort
&lt;br&gt;
gibt der Autor außerdem Empfehlungen und Geheimtipps für Unterkünfte, Lokale
&lt;br&gt;
und Shoppingadressen, damit Sie Ihren Urlaub perfekt planen können.
&lt;br&gt;
&lt;br&gt;
Nachlesen &amp; Nachschlagen: Landeskundliche Hintergrundinfos und
&lt;br&gt;
zahlreiche praktische Tipps rund um die Reise.
&lt;br&gt;
&lt;br&gt;
Wandern &amp; Radfahren auf Menorca: Erkunden Sie den 180 km langen
&lt;br&gt;
Küstenrundwanderweg Camí de Cavalls, den Berg Santa Águeda mit Resten einer
&lt;br&gt;
arabischen Festung, oder die Schlucht von Binigaus mit der Cova des Coloms,
&lt;br&gt;
Menorcas größter Höhle.
&lt;br&gt;
&lt;br&gt;
&lt;br&gt;
&lt;br&gt;
&lt;br&gt;
Authentisch reisen mit den Reiseführern aus dem Michael Müller Verlag
&lt;br&gt;

&lt;br&gt;
Was ist das Besondere an den Michael-Müller-Reiseführern? Sie sind von
&lt;br&gt;
Reisenden für Reisende gemacht. Unsere Autorinnen und Autoren recherchieren
&lt;br&gt;
immer vor Ort, sie schreiben über Dinge, die sie selbst erlebt und getestet
&lt;br&gt;
haben. Unabhängig, ehrlich, authentisch.
&lt;br&gt;
</marc:subfield>
   </marc:datafield>
   <marc:datafield ind1=" " ind2=" " tag="020">
      <marc:subfield code="a">9783966855198</marc:subfield>
      <marc:subfield code="9">9783966855198</marc:subfield>
   </marc:datafield>
   <marc:datafield ind1=" " ind2=" " tag="020">
      <marc:subfield code="a">3966855194</marc:subfield>
      <marc:subfield code="9">3966855194</marc:subfield>
   </marc:datafield>
   <marc:datafield ind1=" " ind2=" " tag="041">
      <marc:subfield code="a">ger</marc:subfield>
   </marc:datafield>
   <marc:datafield ind1=" " ind2=" " tag="300">
      <marc:subfield code="a">288 Seiten</marc:subfield>
   </marc:datafield>
</marc:record>
